|
|
|
|
| LEADER |
00000nab a2200000ua 4500 |
| 001 |
vtls010804777 |
| 003 |
SK-MaSNL |
| 005 |
20260303220708.0 |
| 008 |
230218s1993 xo |||||||||||||||||eng| |
| 035 |
|
|
|a (urnnbn)urn:nbn:sk:snk:ar-a05sib
|
| 035 |
|
|
|a (uuid)795cb57b-8fd0-449c-8833-6693b844c9f5
|
| 035 |
|
|
|a urn:nbn:sk:snk-ab4uzf
|
| 040 |
|
|
|a SNKBUCL
|b slo
|c SNKBUCL
|e AACR2
|
| 041 |
0 |
|
|a eng
|
| 044 |
|
|
|a xo
|c SK
|
| 100 |
1 |
|
|a Srivastava, A. K.
|4 aut
|9 1254068
|
| 245 |
1 |
0 |
|a Effect of Acanthocheilonema viteae infection on glutathione metabolism in lymphoid tissues/cells of Mastomys natalensis
|c A. K. Srivastava, R. K. Chatterjee, S. N. Singh
|
| 700 |
1 |
|
|a Chatterjee, R. K.
|4 aut
|9 1254069
|
| 700 |
1 |
|
|a Singh, S. N.
|4 aut
|9 1254070
|
| 773 |
0 |
|
|t Helminthologia
|g Roč. 30, č. 3-4 (1993), s. 127-130
|
| 958 |
|
|
|a OND
|
| 958 |
|
|
|a EUIPO
|
| 958 |
|
|
|a article3
|
| 999 |
|
|
|c 2228539
|d 2230469
|